000
00358nam a2200133Ia 4500
008
100328s9999 xx 000 0 und d
082
_b
66194
100
_a
जाधव प्रल्हाद.
245
_a
रानभूल.
260
_b
ग्रंथाली.
630
_a
रानभूल.
730
_a
रानभूल.
942
_c
BOOK
999
_c
551938
_d
551935